A true history of the United States : (Record no. 127004)

MARC details
000 -LEADER
campo de control de longitud fija 03962cam a22004937i 4500
001 - NÚMERO DE CONTROL
campo de control 22261723
003 - IDENTIFICADOR DE NÚMERO DE CONTROL
campo de control BJBSDDR
005 - FECHA Y HORA DE LA ÚLTIMA TRANSACCIÓN
campo de control 20260507171345.0
006 - CÓDIGOS DE INFORMACIÓN DE LONGITUD FIJA--CARACTERÍSTICAS DEL MATERIAL ADICIONAL
campo de control de longitud fija a|||||r|||| 00| 0
007 - CAMPO FIJO DE DESCRIPCIÓN FÍSICA--INFORMACIÓN GENERAL
campo de control de longitud fija ta
008 - DATOS DE LONGITUD FIJA--INFORMACIÓN GENERAL
campo de control de longitud fija 211004s2021 nhua rb 001 0 eng d
010 ## - NÚMERO DE CONTROL DE LA BIBLIOTECA DEL CONGRESO
Número de control de LC 2021286621
020 ## - NÚMERO INTERNACIONAL ESTÁNDAR DEL LIBRO
Número Internacional Estándar del Libro 9781586422530 (paperback)
020 ## - NÚMERO INTERNACIONAL ESTÁNDAR DEL LIBRO
Número Internacional Estándar del Libro 1586422537 (paperback)
035 ## - NÚMERO DE CONTROL DEL SISTEMA
Número de control de sistema 22261723
035 ## - NÚMERO DE CONTROL DEL SISTEMA
Número de control de sistema (OCoLC)1253365337
040 ## - FUENTE DE CATALOGACIÓN
Centro catalogador/agencia de origen TOH
Lengua de catalogación eng
Centro/agencia transcriptor TOH
Normas de descripción rda
Centro/agencia modificador CLE
-- OCLCO
-- GZD
-- VP@
-- OCLCO
-- OJ4
-- FMG
-- OCLCF
-- IH9
-- ORX
-- DLC
041 ## - CÓDIGO DE IDIOMA
Código de lengua del texto/banda sonora o título independiente eng
042 ## - CÓDIGO DE AUTENTICACIÓN
Código de autenticación lccopycat
043 ## - CÓDIGO DE ÁREA GEOGRÁFICA
Código de área geográfica n-us---
050 14 - SIGNATURA TOPOGRÁFICA DE LA BIBLIOTECA DEL CONGRESO
Número de clasificación 002 E 178
Número de ítem S625t 2021
082 00 - NÚMERO DE LA CLASIFICACIÓN DECIMAL DEWEY
Número de clasificación 973
100 1# - ENTRADA PRINCIPAL--NOMBRE DE PERSONA
Nombre de persona Sjursen, Daniel A.
9 (RLIN) 48294
245 12 - MENCIÓN DEL TÍTULO
Título A true history of the United States :
Resto del título indigenous genocide, racialized slavery, hyper-capitalism, militarist imperialism, and other overlooked aspects of American exceptionalism /
Mención de responsabilidad, etc. Daniel A. Sjursen.
264 #1 - PRODUCCIÓN, PUBLICACIÓN, DISTRIBUCIÓN, FABRICACIÓN Y COPYRIGHT
Producción, publicación, distribución, fabricación y copyright Lebanon, New Hampshire :
Nombre del de productor, editor, distribuidor, fabricante Truth to Power, an imprint of Steerforth Press,
Fecha de producción, publicación, distribución, fabricación o copyright 2021.
300 ## - DESCRIPCIÓN FÍSICA
Extensión ix, 673 pages :
Otras características físicas illustrations ;
Dimensiones 22 cm
336 ## - TIPO DE CONTENIDO
Término de tipo de contenido text
Código de tipo de contenido txt
Fuente rdacontent
337 ## - TIPO DE MEDIO
Nombre/término del tipo de medio unmediated
Código del tipo de medio n
Fuente rdamedia
338 ## - TIPO DE SOPORTE
Nombre/término del tipo de soporte volume
Código del tipo de soporte nc
Fuente rdacarrier
500 ## - NOTA GENERAL
Nota general "An earlier version of this volume's contents appeared in serialized form at the truthdig.com website under the title 'American History for Truthdiggers'"--Title page verso.
504 ## - NOTA DE BIBLIOGRAFÍA, ETC.
Nota de bibliografía, etc. Includes bibliographical references (pages 653-655) and index.
505 0# - NOTA DE CONTENIDO CON FORMATO
Nota de contenido con formato Original sin--American slavery, American freedom -- Roots in religious zealotry -- Whose Empire? -- Patriots or insurgents? -- Independence and Civil War (part one) -- Whose revolution? (part two) -- Flowering or excess of democracy -- Counter-revolution of 1787?- New constitution, new nation -- George Washington's turbulent administration -- Liberty versus order -- The Jefferson enigma -- The forgotten and peculiar war of 1812 -- Birth of an era of revolutions -- Andrew Jackson's white male world and the start of modern politics -- The fraudulent Mexican-American War -- A broken Union -- The second American Civil War-the slow, perilous shift to emancipation -- Reconstruction, a failed experiment? -- Lies we tell ourselves about the old West -- Wealth and squalor in the Progressive Era -- The tragic dawn of overseas imperialism -- A savage war to end all wars, and a failed peace -- The decade the roared and wept -- FDR and his deal for a desperate time -- From isolationism to a Second World conflagration -- Just how good was the "Good War"? -- A cruel, costly, and anxious Cold War -- JFK's Cold War chains -- Vietnam, and American tragedy -- Civil rights, a dream deferred -- Nixon's dark legacy -- Carter's cage of crisis -- The Reagan revolution -- Bush the elder--struggling in Reagan's shadow -- Bill Clinton, the new Democrat -- Bush II and the birth of forever war -- The Obama disappointment -- Epilogue: A once, always, and future empire.
520 ## - RESUMEN, ETC.
Sumario, etc. "Written by a combat veteran of the wars in Iraq and Afghanistan and a former professor of US history at West Point, his alma mater, this book grew out of the lectures Sjursen produced for the survey course he taught to cadets. Sjursen challenges readers to think deeply and critically and to apply common sense to their understanding of our republic's history. Covering all of the major events, movements and figures in American history, Sjursen flips the lens, offering fresh insights and uncommon empathy"--
Fuente proveedora Publisher.
650 #0 - PUNTO DE ACCESO ADICIONAL DE MATERIA--TÉRMINO DE MATERIA
Término de materia o nombre geográfico como elemento de entrada Exceptionalism
Subdivisión geográfica United States
Subdivisión general History.
650 #4 - PUNTO DE ACCESO ADICIONAL DE MATERIA--TÉRMINO DE MATERIA
Término de materia o nombre geográfico como elemento de entrada Excepcionalismo
Subdivisión geográfica Estados Unidos
Subdivisión general Historia
9 (RLIN) 48351
651 #0 - PUNTO DE ACCESO ADICIONAL DE MATERIA--NOMBRE GEOGRÁFICO
Nombre geográfico United States
Subdivisión general History.
651 #4 - PUNTO DE ACCESO ADICIONAL DE MATERIA--NOMBRE GEOGRÁFICO
Nombre geográfico Estados Unidos
Subdivisión general Historia
9 (RLIN) 2894
651 #0 - PUNTO DE ACCESO ADICIONAL DE MATERIA--NOMBRE GEOGRÁFICO
Nombre geográfico United States
Subdivisión general Politics and government.
651 #0 - PUNTO DE ACCESO ADICIONAL DE MATERIA--NOMBRE GEOGRÁFICO
Nombre geográfico Estados Unidos
Subdivisión general Política y gobierno
9 (RLIN) 2191
906 ## - ELEMENTOS DE DATOS F LOCAL, LDF (RLIN)
a 7
b cbc
c copycat
d 2
e ncip
f 20
g y-gencatlg
942 ## - ELEMENTOS DE ENTRADA SECUNDARIOS (KOHA)
Fuente del sistema de clasificación o colocación Clasificación de Library of Congress
Tipo de ítem Koha Libro
946 ## - PROCESAMIENTO DE INFORMACIÓN LOCAL (OCLC)
Iniciales del agente catalogador llh
Holdings
Estatus retirado Estado de pérdida Fuente del sistema de clasificación o colocación Estado de daño No para préstamo Colección Biblioteca de origen Biblioteca actual Ubicación en estantería Fecha de adquisición Signatura topográfica completa Código de barras Visto por última vez Copia número Tipo de ítem Koha
    Clasificación de Library of Congress     Recursos Regionales Biblioteca Juan Bosch Biblioteca Juan Bosch Recursos Regionales (2do. Piso) 05/05/2026 002 E 178 S625t 2021 00000200073 05/05/2026 1 Libro